000 00272nam a2200097Ia 4500
001 1250350
005 20251031150854.0
008 251031s9999 xx 000 0 und d
245 0 _cKUDRET AYŞE YILMAZ
_aC-5 AY IŞIYINCA
260 _bDİYANE İŞLERİ BAŞKANLIĞI YAYINLARI
999 _c1250350
_d1250350